000
00331nam a22001457a 4500
003
SGT
082
_a
610
_b
I17T
100
_a
TATA MEMORIAL CENTER
245
_a
INDELIBLE FOOD PRINTS ON THE SANDS OF TIME
250
_a
1SH
260
_a
INDIA
_b
TATA MEMORIAL CENTER
_c
2017
300
_a
309
650
_a
OTHER
942
_2
ddc
_c
BK
999
_c
19616
_d
19616